000 00580nam a22001577a 4500
005 20120316153852.0
020 _a8120721365
_c00.00
035 _aA-949627
037 _aDPL
_bENG
100 _aJagadeesan
_943840
245 _aEveryday human values whats your score /
_cby Jagdadeesan
260 _aNew Delhi
_bSterling Paperbacks
_c1998
300 _avi, 154p.
_c18 cms.
942 _2ddc
_cEN
_h171.2
_mJAG
999 _c64081
_d64081